| 000 | 00455cam a2200193ua 4500 | ||
|---|---|---|---|
| 001 | 11795 | ||
| 008 | 191107n ii |||gr||||Z||||||eng | ||
| 020 | _a9788184556407 | ||
| 040 | _cMAIN | ||
| 041 | _aeng | ||
| 082 | _a307.7 | ||
| 100 |
_aM N Roy, _eAuthor. |
||
| 245 |
_aTextbook of rural sociology _cBy M N Roy |
||
| 250 | _a1st ed. | ||
| 260 |
_aNew Delhi: _bOmega publications, _c2017. |
||
| 300 | _a294p. | ||
| 653 | _aCommunities | ||
| 942 | _cBK | ||
| 999 |
_c10590 _d10590 |
||